ბათუმის შოთა რუსთაველის სახელმწიფო უნივერსიტეტის ბიბლიოთეკა

გაროზგილი:თვითმპყრობელობის დროინდელი ჯარისკაცის ცხოვრებიდან (ბიბ.ჩანაწერი № 42090)

000 -LEADER
fixed length control field 00897nam a2200205Ia 4500
001 - CONTROL NUMBER
control field 8780
003 - CONTROL NUMBER IDENTIFIER
control field GE_BSU
008 - FIXED-LENGTH DATA ELEMENTS--GENERAL INFORMATION
fixed length control field 181216s||||||||xx |||||||||||||| ||und||
040 ## - CATALOGING SOURCE
Transcribing agency GE_BSU
080 ## - UNIVERSAL DECIMAL CLASSIFICATION NUMBER
Universal Decimal Classification number 821.353.1–31
100 ## - MAIN ENTRY--PERSONAL NAME
Personal name ზურაბიშვილი,ილია
245 ## - TITLE STATEMENT
Title გაროზგილი:თვითმპყრობელობის დროინდელი ჯარისკაცის ცხოვრებიდან
245 ## - TITLE STATEMENT
Statement of responsibility, etc. რედ.ს.ჭილაია;მხატვ:ლ ქუთათელიძე
260 ## - PUBLICATION, DISTRIBUTION, ETC.
Place of publication, distribution, etc. თბილისი
260 ## - PUBLICATION, DISTRIBUTION, ETC.
Name of publisher, distributor, etc. საბჭ.მწერალი
260 ## - PUBLICATION, DISTRIBUTION, ETC.
Date of publication, distribution, etc. 1953
300 ## - PHYSICAL DESCRIPTION
Extent 275გვ.15სმ
653 ## - INDEX TERM--UNCONTROLLED
Uncontrolled term გაროზგილი:თვითმპყრობელობის დროინდელი ჯარისკაცის ცხოვრებიდან
942 ## - ADDED ENTRY ELEMENTS (KOHA)
Koha item type წიგნი
ეგზემპლარები
Withdrawn status Lost status Damaged status Not for loan Date acquired Barcode Date last seen Price effective from Koha item type
        2018-12-17 30968 2018-12-17 2018-12-17 წიგნი
        2018-12-17 30969 2018-12-17 2018-12-17 წიგნი
        2018-12-17 30970 2018-12-17 2018-12-17 წიგნი
        2018-12-17 30971 2018-12-17 2018-12-17 წიგნი
        2018-12-17 30972 2018-12-17 2018-12-17 წიგნი